| 000 | 00597nam a2200217Ia 4500 | ||
|---|---|---|---|
| 003 | OSt | ||
| 005 | 20230501120033.0 | ||
| 008 | 210423s2010 xx 000 0 und d | ||
| 020 | _a978-81-7319-302-6 | ||
| 040 | _cAL | ||
| 041 | _aeng | ||
| 082 |
_a574.192 _223 _bSAWI |
||
| 100 |
_aSAWHNEY (S K); SINGH (Randhir) _995589 |
||
| 245 | _aIntroductory practical biochemistry | ||
| 260 |
_aNew Delhi _bNarosa Publishing House _c2010 |
||
| 300 |
_axviii,452 _bPB |
||
| 365 |
_b450 _cINR |
||
| 650 |
_aBiochemistry _995590 |
||
| 906 | _abiochemistry ; Introductory ; practical | ||
| 942 |
_2ddc _cBK |
||
| 999 |
_c170537 _d170537 |
||